• 首页
  • 本馆介绍
  • 公告通知
  • 最新文献
  • 馆藏检索
  • 电子资源
  • 读者导购
  • 参考咨询
  • 我的图书馆
  • 登录
  • 详细信息显示
  • 放入我的书架
  • 预约/预借图书
  • 作者相关作品
  • 分类相关作品
  • 丛书相关作品
  • 出版社相关作品

书目信息

  • 表格格式
  • 工作单格式
  • 卡片格式
题名:
邓小平理论概论
    
 
作者: 田克勤
分册:  
出版信息: 北京   高等教育出版社  1999
页数: 245
开本: 20cm
丛书名:
单 册:
中图分类: A49
科图分类:
主题词: 毛泽东著作
电子资源:
ISBN: 7-04-007768-X
000 00496nam0 2200181 450
001 0735257515
005 20070904094737.51
010    @a7-04-007768-X
100    @a20070904d km y0chiy0120 ea
101 0  @achi
200 1  @a邓小平理论概论@Adeng xiao ping li lun gai lun@f田克勤@Ftian ke qin
210    @a北京@c高等教育出版社@d1999
215    @a245@c13.70@d20cm
606 0  @a毛泽东著作
690    @aA49@v3
701  0 @a田克勤@Atian ke qin
801  0 @aCN@bPFT@c20070904
905    @a213230@dA49@ea1@f1
    
    邓小平理论概论/田克勤.-北京:高等教育出版社,1999
    245:13.70;20cm
    
    
    ISBN 7-04-007768-X:
    
●
相关链接 在E读中查询图书 在五车中查询图书 在当当中查询图书 在豆瓣中查询图书


正题名:邓小平理论概论     索取号:A49/a1         预约/预借

序号 登录号 条形码 馆藏地/架位号 状态 备注
1 7500093   275000936   史法系资料室/ [索取号:A49/a1] 在馆    
唐山师范学院图书馆 欢迎您!
大连网信软件有限公司© 版权所有